ბათუმის შოთა რუსთაველის სახელმწიფო უნივერსიტეტის ბიბლიოთეკა

აღსარება ანუ პროფესორი სორდია : (ბიბ.ჩანაწერი № 59173)

000 -ლიდერი
ფიქსირებული სიგრძის საკონტროლო ველი 00889nam a22001937a 4500
003 - საკონტროლო ნომრის იდენტიფიკატორი
საკონტროლო ველი Ge_BSU
005 - ბოლო ოპერაციის თარიღი და დრო
საკონტროლო ველი 20221202095815.0
008 - ფიქსირებული სიგრძის მონაცემთა ელემენტები - ზოგადი ინფორმაცია
ფიქსირებული სიგრძის საკონტროლო ველი 221202s1986ge xxu||||| |||| 00| 0 geo d
041 ## - ენის კოდი
Language code of text/sound track or separate title geo
080 ## - უნივერსალური ათობითი კლასიფიკაციის ინდექსი
Universal Decimal Classification number 821.353.1-32 ბ-95
100 ## - მთავარი ჩანაწერი - პიროვნების სახელი
Personal name ბუაჩიძე, თენგიზ, ავტ.
9 (RLIN) 16297
245 ## - ცნობა სათაურის შესახებ
Title აღსარება ანუ პროფესორი სორდია :
Remainder of title [მოთხრობა] /
Statement of responsibility, etc თენგიზ ბუაჩიძე ;ბოლოსიტყვ. ავტ.: ა. ბესტავაშვილი.
264 ## - წარმოების, გამოცემის, დისტრიბუციის და სხვა ცნობები
გამოცემის, წარმოების, დისტრიბუციის... ადგილი თბილისი :
გამოცემის, წარმოების, დისტრიბუციის... სახელწოდება მერანი,
გამოცემის, წარმოების, დისტრიბუციის... თარიღი 1986.
300 ## - ფიზიკური აღწერა
Extent 135 გვ. ;
Other physical details 20 სმ.
653 ## - INDEX TERM--UNCONTROLLED
Uncontrolled term აღსარება ანუ პროფესორი სორდია
653 ## - INDEX TERM--UNCONTROLLED
Uncontrolled term [მოთხრობა]
700 ## - ADDED ENTRY--PERSONAL NAME
Personal name ბესტავაშვილი, ა.
9 (RLIN) 16298
942 ## - ADDED ENTRY ELEMENTS (KOHA)
Source of classification or shelving scheme
Koha item type წიგნი
ეგზემპლარები
ჩამოწერის სტატუსი დაკარგული ეგზემპლარის სტატუსი კლასიფიკაციის წყარო ან თაროზე გაწყობის სქემა დაზიანების სტატუსი არ გაიცემა მუდმივი მდებარეობა (დაცვის ადგილი) ამჟამინდელი ადგილსამყოფელი შეძენის თარიღი ღირებულება, შესყიდვის ნორმალური ფასი სრული შენახვის შიფრი შტრიხკოდი ბოლო ოპერაციის თარიღი ეგზემპლარის მიმდევრობითი ნომერი (კეტერი?) ფასის ძალაში შესვლის თარიღი ეგზემპლარის სახეობა საჯარო შენიშვნა
          ბათუმის შოთა რუსთაველის სახელმწიფო უნივერსიტეტის მთავარი ბიბლიოთეკა ბათუმის შოთა რუსთაველის სახელმწიფო უნივერსიტეტის მთავარი ბიბლიოთეკა 2022-12-02 5.00 821.353.1-32 ბ-95 63255 2022-12-02 63255 2022-12-02 წიგნი 5.00